• 首页
  • 本馆介绍
  • 公告通知
  • 最新文献
  • 馆藏检索
  • 电子资源
  • 读者导购
  • 参考咨询
  • 我的图书馆
  • 登录
  • 详细信息显示
  • 放入我的书架
  • 预约/预借图书
  • 作者相关作品
  • 分类相关作品
  • 丛书相关作品
  • 出版社相关作品

书目信息

  • 表格格式
  • 工作单格式
  • 卡片格式
题名:
自然
    
 
作者: ;浙江省小学教师进修教材编写组 编
分册: 下册  
出版信息: 杭州   浙江教育出版社  1986
页数: 722页
开本: 19cm
丛书名:
单 册:
中图分类: N43
科图分类:
主题词: 自然科学--师范学校--教材
电子资源:
ISBN: 7346.250
000 00676nam0 2200229 450
001 0186004584
005 20100712221533.0
010    @a7346.250@dCNY1.54
091    @a7346.250
100    @a19951114d1986 em y0chiy0110 ea
101 0  @achi
102    @aCN@b330000
105    @ay z 000yy
106    @ar
200 1  @a自然@9Zi Ran @f浙江省小学教师进修教材编写组编@h下册
210    @a杭州@c浙江教育出版社@d1986
215    @a722页@d19cm
606 0  @a自然科学@x师范学校@x教材
690    @aN43@v3
711 02 @a浙江省小学教师进修教材编写组@9zhe jiang sheng xiao xue jiao shi jin xiu jiao cai bian xie zu@4编
801  0 @aCN@b91MARC@c20130904
905    @aBZT@dN43@e9@f1@sN43/9
    
    自然/浙江省小学教师进修教材编写组编.下册.-杭州:浙江教育出版社,1986
    722页;19cm
    
    
    ISBN 7346.250:CNY1.54
    
●
相关链接 在五车中查询图书 在当当中查询图书 在豆瓣中查询图书


正题名:自然     索取号:N43/9         预约/预借

序号 登录号 条形码 馆藏地/架位号 状态 备注
1 2000078090   2000078090   旧书回溯/ [索取号:N43/9] 在馆    
山东省滨州职业学院图书馆 欢迎您!
大连网信软件有限公司© 版权所有